Responses for show #5704 - Thursday, May 28, 2009

Justin Bernbach game 6.

Contestants

[<< previous game]

Theresa Conlon, a writer/editor from Dallas, Texas

Anna Bingley, an English teacher and stay-at-home mom from Hatfield, Pennsylvania

Justin Bernbach, a lobbyist from Brooklyn, New York (whose 5-day cash winnings total $107,001)

[next game >>]

Jeopardy! Round responses

PRESIDENTS & VICE PRESIDENTS
THE DALLAS COWBOYS
CAR BRANDS BY EMBLEM
FOUNDERS
NEWS FROM THE 21st CENTURY
ABBREV.
    $200 7
(Anna: Who is Reagan?)

(Alex: The first president, yes.)

George Washington

AnnaTheresa
    $200 1
Troy Aikman (or Roger Staubach)

Justin
    $200 26
Chevrolet

Anna
    $200 16
Buddha

Anna
    $200 6
Bobby Jindal

Justin
    $200 21
master of ceremonies

Anna
    $400 8
Taft

Theresa
    $400 2
1976

Justin
    $400 27
Cadillac

Justin
    $400 17
the Quakers

Anna
    $400 12
Petraeus

Anna
    $400 22
year to date

Justin
    $600 9
Bill Clinton

Justin
    $600 3
Tom Landry

Justin
    $600 28
Saturn

Justin
    $600 18
AIDS

Anna
    $600 13
(Barry) Bonds

Theresa
    $600 23
universal product code

Justin
    $2,000 10
Geraldine Ferraro

Justin
    $800 4
Don Meredith

Justin
    $800 29
Mercury

Theresa
    $800 19
(Anna: Who is Alexander?)

Pompey (the Great)

JustinAnna
    $800 14
Homeland Security

Justin
    $800 24
hazardous materials

Anna
    $1000 11
Van Buren

Justin
    $1000 5
Terrell Owens

Anna
    $1000 30
Pontiac

Theresa
    $1000 20
(Anna: What is the... ah, ooh!)

the ACLU (the American Civil Liberties Union)

JustinAnna
    $1000 15
Bill Bennett

Justin
    $1000 25
the American Stock Exchange

Justin

Scores at the first commercial break (after clue 15):

Justin Anna Theresa
$7,600 $1,200 $1,200

Scores at the end of the Jeopardy! Round:

Justin Anna Theresa
$12,400 $1,800 $3,000

Double Jeopardy! Round responses

A WORLD OF OPERA
PLAYING JOURNALIST
WHAT'S WRONG WITH ME?
WRITERS' RHYME TIME
WOEFUL WALL STREET
(Alex: Yes, the past year.)
6-LETTER WORDS
    $400 26
Ireland

Justin
    $400 19
Renée Zellweger

Anna
    $400 11
seasickness

Theresa
    $400 1
Flagg's bags

Justin
    $400 14
Enron

Justin
    $400 6
streak

Justin
    $400 27
Marco Polo

Justin
    $800 20
(Justin: What is Kuwait City?)

Baghdad

JustinTheresa
    $800 12
carpal tunnel syndrome

Anna
    $800 2
Larry's parries

Anna
    $800 15
the auto industry

Justin
    $800 7
serene

Justin
    $1200 28
Mozart

Theresa
    $1200 21
(Daniel) Pearl

Theresa
    $1200 13
restless leg syndrome

Theresa
    $1200 3
Pinter's splinters

Anna
    $1200 16
insider

Anna
    $1200 8
(Anna: What is thrifty?)

thrift

JustinAnna
    $1600 29
Hungary

Justin
    $1600 22
The Hudsucker Proxy

Justin
    $2,000 17
the thyroid

Anna
    $1600 4
Roth's sloths

Anna
    $1600 24
$500,000

Justin
    $1600 9
(Anna: What is wanton?)

brazen

Anna
Triple Stumper
    $2000 30
(Anna: Who is Dvorak?)

Bedřich Smetana

Anna
Triple Stumper
    $2000 23
Guerin

Theresa
    $2000 18
the semicircular canals

Triple Stumper
    $2000 5
Greene's beans

Justin
    $2000 25
(Michael) Milken

Justin
    $2000 10
[At the ellipsis in the clue]
(Producers: How small is it?)
(Alex: Well, I'll tell you. So small...)

teacup

Anna

Scores at the end of the Double Jeopardy! Round:

Justin Anna Theresa
$25,200 $7,000 $9,800
(lock game)

[wagering suggestions for these scores]

Final Jeopardy! Round responses

WORD ORIGINS
(Alex: The Latin for badge is insignis.)
AnnaWhat is emblem ?
$7,000
TheresaWhat is
$5,000
JustinWhat is laurel?
$5,000
insignia

Final scores:

Justin Anna Theresa
$20,200 $0 $4,800
6-day champion: $127,201 3rd place: $1,000 2nd place: $2,000

Game dynamics:

Coryat scores:

Justin Anna Theresa
$24,400 $6,600 $9,800
30 R
(including 2 DDs),
1 W
16 R
(including 1 DD),
6 W
11 R,
0 W

Combined Coryat: $40,800

The J! Archive is created by fans, for fans. The Jeopardy! game show and all elements thereof, including but not limited to copyright and trademark thereto, are the property of Jeopardy Productions, Inc. and are protected under law. This website is not affiliated with, sponsored by, or operated by Jeopardy Productions, Inc. Join the discussion at JBoard.tv.